Foreign policy and diplomatic service management after integration into the EU using the case of Portugal

Stručné informácie z histórie Portugalska až po vstup do Európskej únie. Zmeny v diplomatických službách po vstupe Portugalska do EÚ.

Salvato in:
Dettagli Bibliografici
Autore principale: Henzler Vieira Branco, H.E. José Ernst
Natura: Capitolo di libro
Lingua:inglese
Soggetti:
Tags: Aggiungi Tag
Nessun Tag, puoi essere il primo ad aggiungerne!!

MARC

LEADER 00000naa$a2200000$$$4500
001 0070439
005 20080205120228.6
041 0 |a eng 
044 |a SK 
245 1 0 |a Foreign policy and diplomatic service management after integration into the EU  |b using the case of Portugal 
520 |a Stručné informácie z histórie Portugalska až po vstup do Európskej únie. Zmeny v diplomatických službách po vstupe Portugalska do EÚ. 
610 2 0 |a politika zahraničná 
610 2 0 |a diplomacia 
610 2 0 |a Portugalsko 
610 2 0 |a história 
610 2 0 |a Európska únia 
610 2 0 |a integrácia 
100 1 |a Henzler Vieira Branco, H.E. José Ernst